An anthology of poetry for young people

Bibliographic Details
Other Authors: Farida Ibrahim
Format: Book
Published: Kuala Lumpur : Dewan Bahasa Dan Pustaka , 1992
Subjects:

MARC

LEADER 00000cam a2200000 7i4500
001 0000006947
002 000007482
005 20011113.0
020 |a 9836213902 
090 0 0 |a 821   |b ANT 
245 0 3 |a An anthology of poetry for young people   |c compiled by Farida Ibrahim and Beatrice Thiyaga Rajah 
260 |a Kuala Lumpur :   |b Dewan Bahasa Dan Pustaka ,   |c 1992 
300 |a 77p. ;   |c 21cm. 
650 0 0 |a Young adult poetry, English 
700 0 |a Farida Ibrahim 
999 |a 052578   |b BUKU   |c PINJAMAN   |e PERPUSTAKAAN KOMUNITI PETALING JAYA 
999 |a 054722   |b BUKU   |c PINJAMAN   |e PERPUSTAKAAN KOMUNITI PETALING JAYA